[Event "Kolomna-ch sf-B 58th"]
[Site "Kolomna"]
[Date "2007.11.14"]
[Round "9"]
[White "Lukianova, Vera"]
[Black "Kovpak, Igor"]
[Result "0-1"]
[WhiteElo "1856"]
[BlackElo "1991"]
[PlyCount "66"]
[EventDate "2007.10.10"]
[EventType "tourn"]
[EventRounds "9"]
[EventCountry "RUS"]
[SourceTitle "EXT 2022"]
[Source "ChessBase"]
[SourceDate "2021.10.06"]
[SourceVersion "1"]
[SourceVersionDate "2021.10.06"]
[SourceQuality "1"]

1. e4 c6 2. c4 d5 3. exd5 cxd5 4. cxd5 Qxd5 5. Nc3 Qd8 6. g3 Nc6 7. Bg2 e6 8. Nge2 Nf6 9. d4 Bb4 10. 0-0 0-0 11. d5 Na5 12. Qd4 Qe7 13. dxe6 Bxe6 14. b3 Rfd8 15. Qh4 Rd3 16. Ne4 Nd5 17. Qxe7 Bxe7 18. Bd2 Nc6 19. Nc1 Rd4 20. Ne2 Rd3 21. Nc1 Rxd2 22. Nxd2 Bf6 23. Rb1 Nc3 24. Rb2 Ne2+ 25. Nxe2 Bxb2 26. Nf4 Rd8 27. Nxe6 Rxd2 28. Nc5 Bd4 29. Nxb7 Nb4 30. Bf3 Rxa2 31. Nd6 Nd3 32. Bd5 Nxf2 33. Nxf7 Ng4+ 0-1

[Event "Kolomna-ch sf-B 58th"]
[Site "Kolomna"]
[Date "2007.10.14"]
[Round "2"]
[White "Lukianova, Vera"]
[Black "Borgovich, Anton"]
[Result "0-1"]
[WhiteElo "1856"]
[BlackElo "1987"]
[PlyCount "48"]
[EventDate "2007.10.10"]
[EventType "tourn"]
[EventRounds "9"]
[EventCountry "RUS"]
[SourceTitle "EXT 2022"]
[Source "ChessBase"]
[SourceDate "2021.10.06"]
[SourceVersion "1"]
[SourceVersionDate "2021.10.06"]
[SourceQuality "1"]

1. e4 e6 2. d4 d5 3. Nc3 Bb4 4. Qg4 Nf6 5. Qxg7 Rg8 6. Qh6 Rg6 7. Qe3 Nxe4 8. Bd2 Nxd2 9. Qxd2 c5 10. 0-0-0 Qf6 11. Nf3 Nc6 12. Qe3 cxd4 13. Nxd4 Bc5 14. Nxd5 Qd8 15. Nf4 Bxd4 16. Qe1 Qb6 17. Rxd4 Qxd4 18. Nxg6 hxg6 19. Bd3 Bd7 20. Qe2 0-0-0 21. Kb1 a6 22. Rd1 Qa4 23. b3 Qa3 24. b4 Nxb4 0-1